Χίος-Κάμπος : μια πολιτιστική επίσκεψη στη Σαρδηνία

Αποθηκεύτηκε σε:
Λεπτομέρειες βιβλιογραφικής εγγραφής
Συγγραφή απο Οργανισμό/Αρχή: Γυμνάσιο Κάμπου Χίου
Μορφή: Βιβλίο
Γλώσσα:Greek
English
Δημοσίευση: [χ.τ.] : [χ.ό.], [χ.χ.]
Θέματα:
Ετικέτες: Προσθήκη ετικέτας
Δεν υπάρχουν, Καταχωρήστε ετικέτα πρώτοι!

MARC

LEADER 00000nam a2200000 i 4500
001 1/23508
008 011112s gre d
035 |l 10067679 
040 |a GR-MY-UA  |b gre  |e aacr 
041 0 |a gre  |h eng 
082 0 |a 700.9499 
110 2 |a Γυμνάσιο Κάμπου Χίου. 
245 1 0 |a Χίος-Κάμπος :  |b μια πολιτιστική επίσκεψη στη Σαρδηνία /  |c Γυμνάσιο Κάμπου Χίου. Σχολ. Έτος 1997-1998 
260 |a [χ.τ.] :   |b [χ.ό.],   |c [χ.χ.] 
300 |a 96σ. 
500 |a Πρόγραμμα Κινητικότητας Δράση ΙΙ 
650 0 0 |a Arts  |z Greece  |z Chios (Island) 
650 0 0 |a Arts  |z Italy  |z Sardinia. 
852 |a INST  |b CHIOS  |e 20011112  |h 700.9499 ΓΥΜ  |p 005200020719  |q 005200020719  |t BK  |y 0 
901 |a BIBL2-2001-3 
909 |a Χ  |b 098290 
922 |a 2ΕΛΗ  |b 200111  |c ΒΙΒΛΙΟΘΗΚΗ ΧΙΟΥ  |d ΚΡΟΜΜΥΔΑΣ 
950 |a 082-2001-10-31 
970 |a ΣΑΛΑΜΟΥΡΑ  |b ΜΑΡΙΑ  |z 2001/11/21